00488 2200181 4500001002100000005001500021035002000036008004100056245003800097250001200135260003000147300002700177020002200204084001700226082001100243650003800254990001400292INLIS00000000000002320260413033346 a0010-0317000021260413 0  a123 Fungsi dan Formula Excel 2010 a1st ed. aYogyakarta :bAndi,c2011 axii, 212 hlm. ;c21 cm a978-979-29-2407-7 a005.54 And s a005.54 aMICROSOFT EXCEL (COMPUER PROGRAM) a860011211